The house next door / James Patterson.
At first, Laura Sherman is thrilled to meet a fresh face, but will her relationship with the man next door go too far before she realizes he's not what he seems? Detective Andrew McGrath knows the only way to find six girls that have vanished without a trace is to get close to the suspect's wife - but will he get too close? Robert Barnett, a disgraced scientist, receives a shocking message that could change the world. But when a nationwide manhunt has him on the run for his life, will his dream discovery turn into a nightmare?
Record details
- ISBN: 9781478969761
- ISBN: 1478969768
- Physical Description: 8 audio discs (approximately 9.5 hr.) : CD audio, digital ; 4 3/4 in.
- Edition: Unabridged.
- Publisher: New York, N.Y. : Hachette Audio, 2018.
Content descriptions
| General Note: | Compact discs. |
| Formatted Contents Note: | House next door / with Susan DiLallo -- Killer's wife / with Max DiLallo -- We.are.not.alone / with Tim Arnold. |
| Participant or Performer Note: | Read by Lauren Fortgang, Peter Ganim and Christopher Ryan Grant. |
Search for related items by subject
| Subject: | Neighbors > Fiction. Missing children > Fiction. Extraterrestrial beings > Fiction. Suspense fiction, American. |
Available copies
- 1 of 1 copy available at scottsboropl.
Holds
- 0 current holds with 1 total copy.
Other Formats and Editions
Show Only Available Copies
| Location | Call Number / Copy Notes | Barcode | Shelving Location | Status | Due Date |
|---|---|---|---|---|---|
| scottsboropl | BK/CD Pat | 32269001129116 | Adult - Audiobook | Available | - |
| LDR | 02308nim a2200481Mi 4500 | ||
|---|---|---|---|
| 001 | 152070 | ||
| 003 | CONS | ||
| 005 | 20190802143151.0 | ||
| 007 | sd uungnnmunuu | ||
| 008 | 170529s2018 nyunnnn f n eng d | ||
| 020 | . | ‡a9781478969761 | |
| 020 | . | ‡a1478969768 | |
| 028 | 0 | 2. | ‡a2-X6976 ‡bHachette Audio |
| 035 | . | ‡a(CPomAG)LMN613617 | |
| 050 | 4. | ‡aPS3566.A822 ‡bH68 2018ab | |
| 082 | 0 | 4. | ‡a813/.54 ‡223 |
| 100 | 1 | . | ‡aPatterson, James, ‡d1947- ‡eauthor. |
| 245 | 1 | 4. | ‡aThe house next door / ‡cJames Patterson. |
| 250 | . | ‡aUnabridged. | |
| 264 | 1. | ‡aNew York, N.Y. : ‡bHachette Audio, ‡c2018. | |
| 300 | . | ‡a8 audio discs (approximately 9.5 hr.) : ‡bCD audio, digital ; ‡c4 3/4 in. | |
| 306 | . | ‡a093000 | |
| 336 | . | ‡aspoken word ‡bspw ‡2rdacontent | |
| 337 | . | ‡aunmediated ‡bn ‡2rdamedia | |
| 338 | . | ‡avolume ‡bnc ‡2rdacarrier | |
| 500 | . | ‡aCompact discs. | |
| 505 | 0 | . | ‡aHouse next door / with Susan DiLallo -- Killer's wife / with Max DiLallo -- We.are.not.alone / with Tim Arnold. |
| 511 | 0 | . | ‡aRead by Lauren Fortgang, Peter Ganim and Christopher Ryan Grant. |
| 520 | . | ‡aAt first, Laura Sherman is thrilled to meet a fresh face, but will her relationship with the man next door go too far before she realizes he's not what he seems? Detective Andrew McGrath knows the only way to find six girls that have vanished without a trace is to get close to the suspect's wife - but will he get too close? Robert Barnett, a disgraced scientist, receives a shocking message that could change the world. But when a nationwide manhunt has him on the run for his life, will his dream discovery turn into a nightmare? | |
| 650 | 0. | ‡aNeighbors ‡vFiction. | |
| 650 | 0. | ‡aMissing children ‡vFiction. | |
| 650 | 0. | ‡aExtraterrestrial beings ‡vFiction. | |
| 650 | 0. | ‡aSuspense fiction, American. | |
| 700 | 1 | . | ‡aDiLallo, Susan, ‡d1947- ‡eauthor. |
| 700 | 1 | . | ‡aArnold, Tim, ‡eauthor. |
| 700 | 1 | . | ‡aFortgang, Lauren, ‡enarrator. |
| 700 | 1 | . | ‡aGrant, Christopher Ryan, ‡enarrator. |
| 700 | 1 | . | ‡aGanim, Peter, ‡enarrator. |
| 700 | 1 | 2. | ‡aPatterson, James, ‡d1947- ‡tKiller's wife. |
| 700 | 1 | 2. | ‡aPatterson, James, ‡d1947- ‡tWe.are.not.alone. |
| 914 | . | ‡aSCP_LP | |
| 959 | . | ‡i32269001129116 ‡lBK/CD Pat ‡aAdult - Audiobook ‡tAudiobook ‡g35.00 ‡d8 discs | |
| 852 | . | ‡p32269001129116 ‡jBK/CD Pat ‡gAdult - Audiobook ‡cAudiobook ‡y35.00 ‡bSBPL | |
| 901 | . | ‡a152070 ‡bUnknown ‡c152070 ‡tbiblio | |